| 000 | 00658cam a2200169 4500 | ||
|---|---|---|---|
| 001 | ABS60995 | ||
| 008 | 000000n1999 000 0 eng u | ||
| 035 | _a(Sirsi) u101549 | ||
| 100 | _aAtkinson, N. | ||
| 245 | _aHow accurate are Ordnance Survey maps? | ||
| 260 | _c1999 | ||
| 490 |
_aCSM _bChartered Surveyor Monthly _v8(11/12) July/August 1999, 50-51(2) |
||
| 520 | _aReviews new data on the accuracy of Ordnance Survey maps. The new figures come from 500 tests during 40 years of testing and could help assist in the resolution of boundary disputes. Examples. | ||
| 650 |
_aBoundary disputes _96221 |
||
| 690 | _aMAPPING AND MEASUREMENT | ||
| 942 | _n0 | ||
| 999 |
_c60681 _d60681 |
||